00330 2200145 4500001002100000005001500021035002000036245003400056100001700090300001200107260003100119082000800150084001400158990001200172INLIS00000000000192420250521021227 a0010-05250002161 aBekisar Merah /cAhmad Tohari0 aAhmad Tohari a312 hlm aJakarta :bGramedia,c2005 a813 a813 AHM b a0713443